Govt. of
Madhya Pradesh

Origin & Development Of The Vaisesika System Vol-2 Part 4 (Record no. 64850)

MARC details
000 -LEADER
fixed length control field 00321nam a2200109Ia 4500
008 - FIXED-LENGTH DATA ELEMENTS--GENERAL INFORMATION
fixed length control field 221009s9999 xx 000 0 und d
082 ## - DEWEY DECIMAL CLASSIFICATION NUMBER
Classification number 910/THA
100 ## - MAIN ENTRY--PERSONAL NAME
Personal name Chattopadhyaya, D.P.
9 (RLIN) 1597
245 #0 - TITLE STATEMENT
Title Origin & Development Of The Vaisesika System Vol-2 Part 4
260 ## - PUBLICATION, DISTRIBUTION, ETC. (IMPRINT)
Name of publisher, distributor, etc. Centre For Studies In Civilizations,
942 ## - ADDED ENTRY ELEMENTS (KOHA)
Koha item type Books

No items available.